Los retos de la educación a distancia
Guardat en:
| Autors principals: | , , , |
|---|---|
| Altres autors: | , , |
| Format: | Llibre |
| Idioma: | espanyol |
| Publicat: |
Ciudad de Panamá
Federación de Universidades de América Central y Panamá
1978
Ciudad de Panamá Instituto de Solidaridad Internacional 1978 |
| Matèries: | |
| Etiquetes: |
Afegir etiqueta
Sense etiquetes, Sigues el primer a etiquetar aquest registre!
|
MARC
| LEADER | 00000nam a2200000 a 4500 | ||
|---|---|---|---|
| 001 | UCU0637 | ||
| 003 | CL-VaPUC | ||
| 005 | 20240826154131.0 | ||
| 008 | 960322e19780300pn 1 spa d | ||
| 999 | |c 382527 |d 382525 | ||
| 040 | |c Pontificia Universidad Católica de Valparaíso | ||
| 044 | |a pn |2 marc | ||
| 044 | |a pn |2 marc | ||
| 082 | 0 | 4 | |a 374.4 |b ARR |2 21 |
| 100 | 1 | |a Arrién, Juan |e author |9 617547 | |
| 245 | 1 | 4 | |a Los retos de la educación a distancia |
| 260 | |a Ciudad de Panamá |b Federación de Universidades de América Central y Panamá |c 1978 | ||
| 260 | |a Ciudad de Panamá |b Instituto de Solidaridad Internacional |c 1978 | ||
| 300 | |a 264 p | ||
| 518 | |p Seminario-Taller de Teleducación Universitaria de FUPAC, 1 | ||
| 518 | |p Seminario Latinoamericano de Teleducación Unversitaria, 5 | ||
| 546 | |a En Español | ||
| 583 | |a last modification |c 20130414 10:16:31 |k Rodrigo Vera | ||
| 650 | 0 | 0 | |a Educación a distancia |9 308343 |
| 650 | 0 | 7 | |a CURSOS POR CORRESPONDENCIA |2 CL-VaPUC |9 354734 |
| 650 | 0 | 0 | |a Métodos de enseñanza |9 270413 |
| 700 | 1 | |a Colle, Raymond |e author |9 611404 | |
| 700 | 1 | |a Contreras-Budge, Eduardo |e autor |9 879024 | |
| 700 | |a Osorio Meléndez, Hugo |e autor |9 355092 | ||
| 700 | |a O'Sullivan Ryan, Jeremiah |e autor |9 617550 | ||
| 700 | 1 | |a Stein, Eduardo |e author |9 617551 | |
| 700 | 1 | |a Valero, Fernando |e author |9 617552 | |
| 942 | |c BK |2 ddc | ||
| 945 | |a paguirre |d 19960322 00:00:00 | ||
| 952 | |0 0 |1 0 |4 0 |6 374_400000000000000_ARR_1978 |7 0 |8 P |9 504266 |a BIBEDU |b BIBEDU |c BIBEDU_PB |d 2020-01-23 |i 1638513 |o 374.4 ARR 1978 |p 1638513 |r 2024-01-25 |w 2020-01-23 |y BK |k EDU | ||